<The> relative merits and implications of inflation targeting for South Africa

Saved in:
Bibliographic Details
Main Author: Jonsson, Gunnar
Format: Book
Language:English
Published: Washington International Monetary Fund 1999
Series:IMF Working Paper WP/99/116
Subjects:
Tags: Add Tag
No Tags, Be the first to tag this record!

MARC

LEADER 00000nam a2200000 4500
001 c123766
005 20221221083455.1
041 0 |a eng 
044 |a US 
245 1 0 |a <The> relative merits and implications of inflation targeting for South Africa  |c Gunnar Jonsson 
264 1 |a Washington  |b International Monetary Fund  |c 1999 
300 |a 24 s. 
490 1 |a IMF Working Paper  |v WP/99/116 
830 0 |a IMF Working Paper  |v WP/99/116 
610 2 0 |a inflácia 
610 2 0 |a Južná Amerika 
100 1 |a Jonsson, Gunnar